Análisis e interpretación de estados contables (Registro nro. 1211)

Detalles MARC
000 -LEADER
fixed length control field 01150 a2200217 4500
001 - CONTROL NUMBER
control field 24655
005 - DATE AND TIME OF LATEST TRANSACTION
control field 20260407155530.0
008 - FIXED-LENGTH DATA ELEMENTS--GENERAL INFORMATION
fixed length control field 260407a1979 arg spa d
003 - CONTROL NUMBER IDENTIFIER
control field AR-UNSa-BCEJYS
040 ## - CATALOGING SOURCE
Original cataloging agency AR-UNSa-BCEJYS
Language of cataloging spa
Transcribing agency AR-UNSa-BCEJYS
080 ## - UNIVERSAL DECIMAL CLASSIFICATION NUMBER
Universal Decimal Classification number 657.3
Common auxiliary subdivision Presupuestos. Cierre de Cuentas. Balances (Estados Contables)
100 1# - MAIN ENTRY--PERSONAL NAME
Personal name Telias, Alejandro J.
245 10 - TITLE STATEMENT
Title Análisis e interpretación de estados contables
250 ## - EDITION STATEMENT
Edition statement 4a. ed.
264 #1 - PRODUCTION, PUBLICATION, DISTRIBUTION, MANUFACTURE, AND COPYRIGHT NOTICE
Place of production, publication, distribution, manufacture Buenos Aires :
Name of producer, publisher, distributor, manufacturer Ediciones Macchi
Date of production, publication, distribution, manufacture, or copyright notice 1979
300 ## - PHYSICAL DESCRIPTION
Extent 338 p.
Dimensions 23 cm.
505 ## - FORMATTED CONTENTS NOTE
Formatted contents note 1. Objetivos y destinatarios - 2. Antecedentes y evolución - 3. Fuentes de información - 4. Ajuste integral de estados contables por inflación - 5. Metodología del análisis e interpretación de estados contables - 6. Rentabilidad - Definición y clasificación - 7. Rentabilidad - Estructura - 8. Capital de Trabajo - Definición y enfoques - 9. Capital de trabajo - Enfoque financiero - 10. Indices de liquidez - 11. Indice de endeudamiento - 12. Inmovilización - 13. Análisis de un caso.
590 ## - LOCAL NOTE (RLIN)
Local note niveau_biblio:m niveau_hierar:0
700 1# - ADDED ENTRY--PERSONAL NAME
Personal name Senderovich, Isaac Aizik
942 ## - ADDED ENTRY ELEMENTS (KOHA)
Koha item type
Existencias
Withdrawn status Lost status Damaged status Not for loan Home library Current library Shelving location Date acquired Total checkouts Full call number Barcode Date last seen Price effective from Koha item type Public note
        Biblioteca Prof. Eusebio Cleto del Rey Biblioteca Prof. Eusebio Cleto del Rey   07/04/2026   657.3 S475 4ed. L33147 07/04/2026 07/04/2026 Libro PÁG 162 A 165 PEGADAS CON CINTA - LÁPIZ - LAPICERA - MANCHADO - HOJA 163 UN POCO ROTA - TAPA PEGADA CON CINTA - CANTO SUPERIOR MANCHADO - PÁG 145 A 150 UN POCO SUELTAS - FLUOR EN PRIMERAS 3 HOJAS - CANTO MANCHADO
        Biblioteca Prof. Eusebio Cleto del Rey Biblioteca Prof. Eusebio Cleto del Rey   07/04/2026   657.3 S475 4ed. L33146 07/04/2026 07/04/2026 Libro CINTA EN PÁG 128 Y 129 - RESALTADOR PÁG 138, 142, 152 - PARTIDO EN PÁG 132 - LAPICERA AZUL, ROJA - MANCHADO - LÁPIZ - UN POCO HÚMEDO - TAPA UN POCO DESPEGADA DEL LIBRO
        Biblioteca Prof. Eusebio Cleto del Rey Biblioteca Prof. Eusebio Cleto del Rey   07/04/2026   657.3 S475 4ed. L33149 07/04/2026 07/04/2026 Libro PÁGINA 113 PEGADA CON CINTA - LÁPIZ - LAPICERA - ÚLTIMAS 2 PÁGINAS DETERIORADAS - MANCHADO - FALTAN PÁGINAS 109 A 112
        Biblioteca Prof. Eusebio Cleto del Rey Biblioteca Prof. Eusebio Cleto del Rey   07/04/2026   657.3 S475 4ed. L33152 07/04/2026 07/04/2026 Libro LÁÍZ - LAPICERA - HOJA SUELTAS 146,115,129 A 132 (UN POCO SUELTAS EN PARTE SUPERIOR) - CINTA PÁG 128, 228 - MANCHADO - TAPA UN POCO ROTA
        Biblioteca Prof. Eusebio Cleto del Rey Biblioteca Prof. Eusebio Cleto del Rey   07/04/2026   657.3 S475 4ed. L28756 07/04/2026 07/04/2026 Libro TAPA PEGADA CON CINTA - RESALTADOR PÁG 127 A 129,132,113,114 - CINTA PÁG 7 A 10, 333 A 338 - LÁPIZ - LAPICERA - MANCHADO
        Biblioteca Prof. Eusebio Cleto del Rey Biblioteca Prof. Eusebio Cleto del Rey   07/04/2026   657.3 S475 4ed. L33144 07/04/2026 07/04/2026 Libro A PARTIR DE PÁG 169 A FINAL DOBLADAS EN ESQUINA SUPERIOR DERECHA - MANCHAS - LÁPIZ - LAPICERA
        Biblioteca Prof. Eusebio Cleto del Rey Biblioteca Prof. Eusebio Cleto del Rey   07/04/2026   657.3 S475 4ed. L33151 07/04/2026 07/04/2026 Libro PRIMERAS 5 PÁGINAS UN POCO ROTAS - PÁGINAS 3 Y 4 PEGADAS CON CINTA - LÁPIZ - MANCHADO - LAPICERA - TAPA DESPEGADA - ÚLTIMAS 2 PÁGINAS UN POCO SUELTAS
        Biblioteca Prof. Eusebio Cleto del Rey Biblioteca Prof. Eusebio Cleto del Rey   07/04/2026   657.3 S475 4ed. L33150 07/04/2026 07/04/2026 Libro LÁPIZ - FOTOCOPIA PÁG 323 - PRIMERAS 10 HOJAS Y ÚLTIMAS 2 HOJAS DETERIORADAS - MANCHADO - UN POCO HÚMEDO